000 00576nam a2200157Ia 4500
008 160316s1976 xxu||||| |||| 00| 0 eng d
082 _a341.750000
_bGEI
100 _aGeiser Hans J
245 _aLegal problems of caribean integration : A study on the legal aspects of caricon
250 _a
260 _aLeyden
_bSijthoff Institute of International Relations
_c1976
300 _a275p
_b275
_c
365 _bG.L.135/-
650 _a1.Economic Corporation - Legal Problems - Caribean Countries 2.Caribbean Community and Common Market
700 _aAlleyne Pamela
_aGajraj Carroll
999 _c5133
_d5133